Náležitosti rozhodnutia vydaného v daňovom konaní

Proces doručovania písomnosti v daňovom konaní. Základné princípy daňového konania.

Uložené v:
Podrobná bibliografia
Hlavný autor: Hrtánek, Ladislav
Médium: Kapitola
Jazyk:Slovak
Predmet:
Tagy: Pridať tag
Žiadne tagy, Buďte prvý, kto otaguje tento záznam!

MARC

LEADER 00000naa a2200000 4500
001 0211032
005 20231120131005.2
041 0 |a slo 
044 |a SK 
245 1 0 |a Náležitosti rozhodnutia vydaného v daňovom konaní  |c Ladislav Hrtánek 
520 |a Proces doručovania písomnosti v daňovom konaní. Základné princípy daňového konania. 
610 2 0 |a konanie daňové 
610 2 0 |a správa daňová 
610 2 0 |a poriadok daňový 
100 1 |a Hrtánek, Ladislav